Česká architektura 1945-1995

Na minha lista:
Detalhes bibliográficos
Formato: Livro
Idioma:tcheco
Publicado em: Praha : OA, 1995
Assuntos:
Tags: Adicionar Tag
Sem tags, seja o primeiro a adicionar uma tag!

MARC

LEADER 00000nam a22000003a 4500
001 stu13664
005 20150408181735.8
008 960911s1995----xr------------------cze-d
040 |a STU  |b slo 
041 0 |a cze 
044 |a xr 
245 |a Česká architektura 1945-1995 
260 |a Praha :  |b OA,  |c 1995 
300 |a 181 s 
650 7 |a architektúra česká  |2 stusub 
996 |b 284AU02772  |c A*2909 U  |l AAKNAR  |s A  |a 24  |w stu13664_0001